000 00552cam a22001577a 4500
008 180718b2013 xxu||||| |||| 00| 0 eng d
020 _a9789378313196
082 _aB136x5413 R616
100 _aRodgers Gerry, Datta Amrita,
245 _aThe Challenge of Inclusive Development in Rural Bihar
_cBy Gerry Rodgers, Amrita Datta,Janine Rodges et. al.
260 _aNew Delhi
_bIHD
_c2013
300 _a273p.
650 _aBihar (India) -- Economic policy
650 _aBihar (India) -- Economic conditions
650 _aRural development -- India -- Bihar
999 _c444696
_d444696